| 000 | 01181nam a2200313 a 4500 | ||
|---|---|---|---|
| 001 | 000001768 | ||
| 003 | OSt | ||
| 005 | 20260321073637.0 | ||
| 008 | 090626s2007 dr 000 0 spa d | ||
| 020 | _a9789945140132 | ||
| 040 |
_aDO-SdBNP _bspa _cBNPHU |
||
| 082 |
_aRD868.44 _bB742o |
||
| 100 | 1 |
_a Bosch, Juan, _d1909-2001 _b1909-2001 _976555 |
|
| 240 | 1 | 0 |
_aObras _f2007 |
| 245 | 1 | 0 |
_aObras Completas / _cJuan Bosch ; presentación Guillermo Piña Contreras. |
| 260 |
_aSanto Domingo : _bFundación Juan Bosch, _c2007. |
||
| 300 |
_av. ; _c24 cm. |
||
| 500 | _aIncluye índice. | ||
| 500 | _aIncluye referencias bibliográficas al pie de las páginas. | ||
| 500 | _aLa biblioteca posee v. 10, 11 y 12. | ||
| 505 | 0 | _av.10 -- Textos políticos -- v.11 -- Textos políticos e históricos -- v.12 -- Cuentos, poemas y otros textos literarios. | |
| 590 | _aInventariado, 2020 / DG | ||
| 650 | 0 |
_aLiteratura dominicana. _967 |
|
| 651 | 4 |
_aRepública Dominicana _xHistoria _9170 |
|
| 651 | 0 |
_aRepública Dominicana _xPolítica y gobierno _945 |
|
| 700 | 1 |
_aPiña Contreras, Guillermo. _ePresentación _95749 |
|
| 910 | _aValidado. Control de calidad MFF | ||
| 942 |
_2ddc _cLBS1 |
||
| 999 |
_c1645 _d1645 |
||